| 000 | 00923cam a22002534a 4500 | ||
|---|---|---|---|
| 020 | _a0471430021 (cloth : alk. paper) | ||
| 040 | _cDLC | ||
| 082 | 0 | 0 | _a332 J.W 2003 A011 Or. |
| 245 | 0 | 0 |
_aCorporate aftershock : _bthe public policy lessons from the collapse of Enron and other major corporations / |
| 260 |
_aHoboken, N.J. : _bJ. Wiley, _cc2003. |
||
| 300 |
_axxix, 321 p. : _bill. ; _c24 cm. |
||
| 500 | _a"Cato Institute." | ||
| 500 | _aPublished simultaneously in Canada. | ||
| 650 | 0 | _aDisclosure in accounting. | |
| 650 | 0 | _aCorporations | |
| 650 | 0 | _aIndustrial policy. | |
| 700 | 1 | _aCulp, Christopher L. | |
| 700 | 1 | _aNiskanen, William A., | |
| 710 | 2 | _aCato Institute. | |
| 856 | 4 | 2 | _uhttp://www.loc.gov/catdir/bios/wiley046/2002156132.html |
| 856 | 4 | 2 | _uhttp://www.loc.gov/catdir/description/wiley039/2002156132.html |
| 856 | 4 | 1 | _uhttp://www.loc.gov/catdir/toc/wiley031/2002156132.html |
| 942 | _cEK | ||
| 999 |
_c13636 _d13636 |
||